Economic Development and Planning in Asia and the Far East / (رقم التسجيلة. 17927)
[ عرض عادي ]
| 000 -الفاتح | |
|---|---|
| حقل البيانات ثابتة الطول | 00800nam a22002537a 4500 |
| 003 - محدد رقم الضبط | |
| رقم الضبط | INP |
| 005 - وقت وتاريخ اخر تعامل مع التسجيلة | |
| رقم الضبط | 20260622100245.0 |
| 008 - عناصر البيانات ثابتة الطول - معلومات عامة | |
| حقل البيانات ثابتة الطول | 230828b1956 |||j|||f |||| 001 0 eng d |
| 040 ## - مصدر الفهرسة | |
| وكالة الفهرسة الأصلية | EG-INP |
| لغة الفهرسة | eng |
| وكالة النسخ | EG-INP |
| 082 ## - رقم تصنيف ديوى العشرى | |
| رقم الطبعة | 21 |
| رقم التصنيف | 338,9 |
| رقم المادة | E . D |
| 100 ## - المدخل الرئيسى - إسم شخصى | |
| الإسم الشخصى | United Nations |
| 110 ## - المدخل الرئيسى - إسم هيئة | |
| اسم الهيئة أو اسم السلطة كمدخل | United Nations |
| 245 ## - بيان العنوان | |
| العنوان | Economic Development and Planning in Asia and the Far East / |
| بيان المسئولية | United Nations |
| 260 ## - بيانات النشر | |
| مكان الناشر او الموزع | Bangkok |
| اسم الناشر او الموزع | Economic Commission for Asia and the Far East |
| تاريخ النشر أو التوزيع | 1956 |
| 300 ## - الوصف المادى | |
| التعداد | 95 p: |
| تفاصيل ماديه اخرى للوعاء | paper |
| أبعاد الوعاء | 26cm |
| 490 ## - بيان السلسلة | |
| عنوان السلسلة | Economic Commission for Asia and the Far East |
| رقم المجلد/ التعيين التسلسلي | N.3 Volume VII |
| 650 ## - المدخل الاضافى بالموضوع-مصطلح موضوعى | |
| مصدر الرأس أو المصطلح | qmat |
| مصطلح موضوعي كعنصر مدخل | Economic Development |
| 9 (RLIN) | 3803 |
| 650 ## - المدخل الاضافى بالموضوع-مصطلح موضوعى | |
| مصطلح موضوعي كعنصر مدخل | Economic Planning |
| التقسيم الفرعي الجغرافي | Asia |
| 650 ## - المدخل الاضافى بالموضوع-مصطلح موضوعى | |
| مصدر الرأس أو المصطلح | qmat |
| مصطلح موضوعي كعنصر مدخل | Public investment |
| التقسيم الفرعي الجغرافي | Far East |
| 901 ## - عنصر بيانات محلىA, LDA (RLIN) | |
| كود المفهرس | INP |
| 902 ## - عنصر بيانات محلىB, LDB (RLIN) | |
| كود المراجع | egpv34 |
| 903 ## - original or copycat | |
| a | copycat |
| حالة التراجع | المكان المؤقت | الموقع الحالى | نوع وعاء كوها |
|---|---|---|---|
| Library INP | Library INP | نشرات |
Institute of National Planning Catalog